<?xml version="1.0" encoding="UTF-8"?>
<record
    xmlns:xsi="http://www.w3.org/2001/XMLSchema-instance"
    xsi:schemaLocation="http://www.loc.gov/MARC21/slim http://www.loc.gov/standards/marcxml/schema/MARC21slim.xsd"
    xmlns="http://www.loc.gov/MARC21/slim">

  <leader>00718nam a2200205Ia 4500</leader>
  <controlfield tag="003">OSt</controlfield>
  <controlfield tag="005">20251003151537.0</controlfield>
  <controlfield tag="008">210210b2009   xxu||||| |||| 00| 0 eng d</controlfield>
  <datafield tag="040" ind1=" " ind2=" ">
    <subfield code="c">AL</subfield>
  </datafield>
  <datafield tag="041" ind1=" " ind2=" ">
    <subfield code="a">Kannada</subfield>
  </datafield>
  <datafield tag="082" ind1=" " ind2=" ">
    <subfield code="a">303.62K PRAK</subfield>
  </datafield>
  <datafield tag="100" ind1=" " ind2=" ">
    <subfield code="a">Prajatantrika Janara Vedike</subfield>
    <subfield code="9">85213</subfield>
  </datafield>
  <datafield tag="110" ind1=" " ind2=" ">
    <subfield code="a">&#xCAA;&#xCCD;&#xCB0;&#xC9C;&#xCBE;&#xCA4;&#xCBE;&#xC82;&#xCA4;&#xCCD;&#xCB0;&#xCBF;&#xC95; &#xC9C;&#xCA8;&#xCB0; &#xCB5;&#xCC7;&#xCA6;&#xCBF;&#xC95;&#xCC6; </subfield>
    <subfield code="9">241356</subfield>
  </datafield>
  <datafield tag="245" ind1=" " ind2=" ">
    <subfield code="a">Kandhamalninda karavaliyavarege : sangha parivarada karala mukha</subfield>
    <subfield code="b">&#xC95;&#xC82;&#xCA7;&#xCAE;&#xCBE;&#xCB2;&#xCCD; &#xCA8;&#xCBF;&#xC82;&#xCA6;  &#xC95;&#xCB0;&#xCBE;&#xCB5;&#xCB3;&#xCBF;&#xCAF;&#xCB5;&#xCB0;&#xCC6;&#xC97;&#xCC6; : &#xCB8;&#xC82;&#xC98; &#xCAA;&#xCB0;&#xCBF;&#xCB5;&#xCBE;&#xCB0;&#xCA6; &#xC95;&#xCB0;&#xCBE;&#xCB3; &#xCAE;&#xCC1;&#xC96; </subfield>
  </datafield>
  <datafield tag="260" ind1=" " ind2=" ">
    <subfield code="a">Bengaluru</subfield>
    <subfield code="b">-</subfield>
    <subfield code="c">2009</subfield>
  </datafield>
  <datafield tag="300" ind1=" " ind2=" ">
    <subfield code="a">72p</subfield>
  </datafield>
  <datafield tag="650" ind1=" " ind2=" ">
    <subfield code="a">Communal</subfield>
    <subfield code="9">85214</subfield>
  </datafield>
  <datafield tag="906" ind1=" " ind2=" ">
    <subfield code="a">065519</subfield>
  </datafield>
  <datafield tag="942" ind1=" " ind2=" ">
    <subfield code="2">ddc</subfield>
    <subfield code="c">BK</subfield>
  </datafield>
  <datafield tag="999" ind1=" " ind2=" ">
    <subfield code="c">118866</subfield>
    <subfield code="d">118866</subfield>
  </datafield>
  <datafield tag="952" ind1=" " ind2=" ">
    <subfield code="0">0</subfield>
    <subfield code="1">0</subfield>
    <subfield code="2">ddc</subfield>
    <subfield code="4">0</subfield>
    <subfield code="7">0</subfield>
    <subfield code="8">OTH</subfield>
    <subfield code="a">AL</subfield>
    <subfield code="b">AL</subfield>
    <subfield code="d">2021-02-17</subfield>
    <subfield code="e">Peoples Union for Civil Liberties, Mangalore-575002</subfield>
    <subfield code="g">25.00</subfield>
    <subfield code="l">0</subfield>
    <subfield code="o">303.62K PRAK</subfield>
    <subfield code="p">065519</subfield>
    <subfield code="r">2021-02-17 00:00:00</subfield>
    <subfield code="w">2021-02-17</subfield>
    <subfield code="y">BK</subfield>
  </datafield>
</record>
